000 00298nam a22001337a 4500
008 170810b xxu||||| |||| 00| 0 eng d
020 _a0763823066
041 _aeng
080 _25TH
_a004
100 _a35
101 _aSHK
245 _aKEYBOARDING & APPLICATIONS
_cMITCHELL,W
942 _2udc
_cBK
999 _c23203
_d23203